000 00551nam a22002177a 4500
003 OSt
005 20170321180334.0
008 170321b xxu||||| |||| 00| 0 eng d
020 _a9780702029349
040 _cDMLN
082 _aQV752 E15t 2009
100 _aEvans, William C.
_911870
245 _aTrease and Evans Pharmacognosy
250 _a16th ed.
260 _aEdinburgh; Saunders, 2009
300 _avi,603p; ill: 28cm
504 _aIndex included
650 _aPharmacognosy
_911871
650 _aPharmacology
_9357
942 _2z
_cSLOAN
999 _c5704
_d5704